| 000 | 00507cam a22001577a 4500 | ||
|---|---|---|---|
| 008 | 180718b1963 xxu||||| |||| 00| 0 eng d | ||
| 082 | _aD613 H535d | ||
| 100 | _aHiggins, Rosalyn | ||
| 245 |
_aDevelopment of international law through the political organs of the United Nations _cby Rosalyn Higgins |
||
| 260 |
_aLondon _bOUP _c1963 |
||
| 300 | _a402p. | ||
| 440 | _abibl. | ||
| 500 | _aUnder auspices of Royal institute of International Affairs | ||
| 650 | _aInternational law | ||
| 650 | _aUnited Nations | ||
| 999 |
_c368097 _d368097 |
||